| 000 | 00832nam a2200229 a 4500 | ||
|---|---|---|---|
| 001 | 000017275 | ||
| 005 | 20240412074246.0 | ||
| 008 | 100322s2009 dr 001 0 spa d | ||
| 020 | _a9789945427561 | ||
| 040 |
_aDO-SdBNP _bspa _cBNPHU |
||
| 041 | 1 | 7 |
_aspa _bpor |
| 082 |
_a808.1 _bM395o |
||
| 245 | 0 | 0 |
_aMáscaras de Orfeo : _bpoesía brasileña y dominicana / _cMaría Lucia dal Farra... [et al.] ; selección y presentación Floriano Martins, Basilio Belliard. |
| 260 |
_aSanto Domingo : _bSecretaría de Estado de Cultura, _c2009. |
||
| 300 |
_a285 p. ; _c23 cm. |
||
| 500 | _aIncluye datos biografícos de los autores | ||
| 650 | 4 |
_aPoesía brasileña _xColecciones _937930 |
|
| 650 | 4 |
_aPoesia dominicana _xColecciones _9351 |
|
| 650 | 4 |
_aLiteratura brasileña _9823 |
|
| 650 | 0 |
_aLiteratura dominicana. _967 |
|
| 049 | _aBNPD | ||
| 999 |
_c16800 _d16800 |
||